000 00616nam a22002177a 4500
999 _c166717
_d166717
005 20190906184313.0
008 190806b ||||| |||| 00| 0 eng d
010 _aB-158766
020 _c 395.00
035 _aB-158766
037 _bBPPD/PUB
040 _adpl
_beng
050 _a485
082 _a485
100 _aKleiser, Grenville
245 _aExploring English grammar/
_cby Grenville Kleiser
260 _aNew Delhi
_bA P H Publishing
_c2004
270 _a5, Ansari Road, Darya Ganj,
_bNew Delhi
_e110002
_k011-23274050
300 _a203p
_c22cm(hb)
942 _2ddc
_cEN
_h485
_mKLE